Modern Greece : a short history
Saved in:
| Main Author: | |
|---|---|
| Format: | Book |
| Language: | English |
| Published: |
London :
Faber and Faber,
c1991
|
| Subjects: | |
| Tags: |
Add Tag
No Tags, Be the first to tag this record!
|
MARC
| LEADER | 00000nam a2200000 i 4500 | ||
|---|---|---|---|
| 001 | 1/88623 | ||
| 008 | 990825s1991 eng d | ||
| 020 | |a 0-571-16122-7 | ||
| 035 | |l 10052578 | ||
| 040 | |a GR-MY-UA |b gre |e aacr | ||
| 041 | 0 | |a eng | |
| 082 | 0 | |a 938 | |
| 100 | 1 | |a Woodhouse |c C. M. |q (Christopher Montaque), |d 1917-2001. | |
| 245 | 1 | 0 | |a Modern Greece : |b a short history / |c C.M. Woodhouse |
| 260 | |a London : |b Faber and Faber, |c c1991 | ||
| 300 | |a 379 p. | ||
| 504 | |a Includes bibliographical references (p. 359-364) and index | ||
| 651 | 0 | |a Byzantine Empire |x History. | |
| 651 | 0 | |a Greece |x History |y 1453-1821. | |
| 651 | 0 | |a Greece |x History |y 1821- | |
| 852 | |a INST |b LESVOS |e 19990825 |h 938 WOO |p 005100019629 |q 005100019629 |t BK |y 0 | ||
| 901 | |a BIBL1-1999-3 | ||
| 909 | |a Λ |b 062933 | ||
| 922 | |a 1ΕΛΗ |b 199901 |c ΚΠΣ/ΚΥΒ |d LEADER | ||
| 950 | |a 023-1998-09-14 | ||
| 970 | |a ΤΖΑΦΕΡΗ |b ΕΥΑΓΓΕΛΙΑ |z 1999/09/06 | ||